00482nam a22001572 4500001001100000005001700011008004100028020001700069040001500086050002200101100003100123245007800154260005500232300001100287650002600298000000108920151217151805.0070226s xx 000 0 eng d a0851106986 : aKABUcKABU 0aBV2061b.G53 19931 aGnanakan, Ken.@000014961310aKingdom concerns :ba biblical theology of mission today /cKen Gnanakan. aDowners Grove, Ill. :bInter Varsity Press,c1993. a224 p. 0aMissions.@0000149612